000 00286nam a22001337a 4500
008 171103b xxu||||| |||| 00| 0 eng d
020 _a9780078028892
041 _aeng
080 _211TH
_a339.138
100 _a60
101 _aMAR
245 _aMARKETING
_cKERIN
942 _2udc
_cBK
999 _c37504
_d37504